Emojis de animales - Estadísticas

Estadísticas generales
  • Esta prueba ha sido intentada 6.842 veces
    2.377 desde el último reinicio
  • La puntuación promedio es 50 de 96
Estadísticas de respuestas
Emoji Animal % Correcto
Perro
96%
Gato
95%
León
87%
Serpiente
83%
Tigre
83%
Vaca
83%
Ballena
79%
Elefante
79%
Caballo
78%
Tiburón
77%
Oso
76%
Rana
75%
Cerdo
74%
Delfín
74%
Mono
74%
Águila
73%
Gallo
73%
Jirafa
72%
Araña
69%
Cocodrilo
68%
Mariposa
67%
Oveja
67%
Unicornio
67%
Lombriz
66%
Ratón
66%
Cabra
65%
Loro
64%
Abeja
63%
Conejo
63%
Mosca
63%
Hormiga
61%
Leopardo
61%
Panda
60%
Tortuga
60%
Gorila
59%
Lagarto
59%
Rata
59%
Cebra
58%
Dragón
58%
Mosquito
57%
Rinoceronte
57%
Zorro
57%
Hipopótamo
56%
Lobo
56%
Pingüino
56%
Paloma
55%
Mamut
54%
Koala
53%
Pato
53%
T-rex
52%
Burro
51%
Foca
51%
Pulpo
51%
Ciervo
50%
Camello
48%
Cangrejo
47%
Mariquita
47%
Oso polar
47%
Canguro
45%
Cucaracha
45%
Pavo
45%
Búho
44%
Caracol
44%
Ardilla
43%
Dodo
43%
Murciélago
43%
Pez globo
43%
Bisonte
42%
Hámster
42%
Flamenco
41%
Grillo
41%
Orangután
41%
Calamar
40%
Medusa
40%
Escorpión
39%
Escarabajo
38%
Nutria
38%
Camarón
36%
Cisne
36%
Langosta
33%
Llama
33%
Castor
32%
Ganso
32%
Perezoso
32%
Mofeta
31%
Erizo
31%
Orca
31%
Pavo real
31%
Alce
30%
Mirlo
30%
Mapache
29%
Tejón
12%
Coral
11%
Ostra
11%
Saurópodo
11%
Búfalo de agua
6%
No se encontraron pruebas coincidentes
Distribución de puntuación
Porcentaje de gente con cada puntuación
Porcentaje por número respondido
Historial de tus puntuaciones
No has intentado esta prueba desde el último reinicio